[Event "Hong Kong Jolimark op"]
[Site "Hong Kong"]
[Date "2018.12.27"]
[Round "9"]
[White "Ranola, Yves"]
[Black "Wong, Brian"]
[Result "1-0"]
[WhiteElo "2370"]
[BlackElo "2042"]
[PlyCount "71"]
[EventDate "2018.12.22"]
[EventType "swiss"]
[EventRounds "9"]
[EventCountry "HKG"]
[SourceTitle "CBM 188 Extra"]
[Source "ChessBase"]
[SourceDate "2019.02.26"]
[SourceVersion "1"]
[SourceVersionDate "2019.02.26"]
[SourceQuality "1"]

1. Nf3 b6 2. g3 Bb7 3. Bg2 d5 4. 0-0 Nd7 5. c4 dxc4 6. Na3 Ngf6 7. Nxc4 g6 8. d3 Bg7 9. e4 0-0 10. e5 Nd5 11. e6 fxe6 12. Ng5 Rf6 13. Re1 e5 14. Bh3 Nc5 15. Nxe5 Nb4 16. d4 Qd5 17. f3 Rd6 18. Be3 Bxe5 19. dxc5 bxc5 20. Qxd5+ Bxd5 21. Bxc5 Nd3 22. Re3 Nxc5 23. Rxe5 h6 24. Ne4 Bxe4 25. fxe4 Nd3 26. Rxe7 Rf8 27. e5 Rc6 28. b3 Rc2 29. Bf1 Nc1 30. Rd7 Re8 31. Bc4+ Kh8 32. e6 a5 33. a4 c5 34. Kh1 Ne2 35. Rf1 Rc1 36. Bxe2 1-0

[Event "Hong Kong Jolimark op"]
[Site "Hong Kong"]
[Date "2018.12.26"]
[Round "8"]
[White "Li, Shanglin B"]
[Black "Ranola, Yves"]
[Result "0-1"]
[WhiteElo "1750"]
[BlackElo "2370"]
[PlyCount "68"]
[EventDate "2018.12.22"]
[EventType "swiss"]
[EventRounds "9"]
[EventCountry "HKG"]
[SourceTitle "CBM 188 Extra"]
[Source "ChessBase"]
[SourceDate "2019.02.26"]
[SourceVersion "1"]
[SourceVersionDate "2019.02.26"]
[SourceQuality "1"]

1. e4 g6 2. d4 Bg7 3. Nf3 c5 4. c4 cxd4 5. Nxd4 Qb6 6. Nb3 Nc6 7. Be3 Qc7 8. Qd2 Nf6 9. Nc3 b6 10. Nd5 Qb7 11. Nxf6+ Bxf6 12. Be2 d6 13. Nd4 Bd7 14. f3 0-0 15. Nxc6 Bxc6 16. Bd4 Bxd4 17. Qxd4 b5 18. 0-0 bxc4 19. Bxc4 Rfb8 20. b3 Qb6 21. Rfd1 a5 22. Qxb6 Rxb6 23. Kf2 a4 24. Ke3 Kg7 25. Rab1 Rab8 26. Rbc1 f5 27. Rd2 Kf6 28. g3 Ra8 29. Rc3 Ra5 30. Bd5 Bxd5 31. Rxd5 axb3 32. Rxb3 Rxb3+ 33. axb3 Rxd5 34. exd5 Ke5 0-1

[Event "Olongapo City op"]
[Site "Olongapo City"]
[Date "2015.11.13"]
[Round "7"]
[White "Ranola, Yves"]
[Black "Bersamina, Paulo"]
[Result "1/2-1/2"]
[WhiteElo "2373"]
[BlackElo "2361"]
[PlyCount "111"]
[EventDate "2015.11.09"]
[EventType "swiss"]
[EventRounds "10"]
[EventCountry "PHI"]
[SourceTitle "CBM 169 Extra"]
[Source "ChessBase"]
[SourceDate "2015.12.18"]
[SourceVersion "1"]
[SourceVersionDate "2015.12.18"]
[SourceQuality "1"]

1. g3 Nf6 2. Bg2 g6 3. e4 d6 4. d3 Bg7 5. Nf3 0-0 6. 0-0 c5 7. c3 Nc6 8. Nbd2 h6 9. Re1 e5 10. a3 Kh7 11. b4 Be6 12. Bb2 a6 13. d4 cxd4 14. cxd4 Bg4 15. Qb3 Nd7 16. h3 Bxf3 17. Nxf3 exd4 18. Rad1 Qb6 19. Qd5 Ne7 20. Qa2 Nc6 21. Qd5 Ne7 22. Qa2 Nc6 23. Qa1 Nde5 24. Nxd4 Nc4 25. Bc3 Nxa3 26. Qxa3 Nxd4 27. Qb2 Ne6 28. Bxg7 Nxg7 29. Qd4 Qxd4 30. Rxd4 Rfd8 31. Red1 Ne6 32. Rxd6 Rxd6 33. Rxd6 Rd8 34. Rb6 Rd7 35. e5 Nd8 36. Be4 Kg7 37. Kg2 h5 38. h4 Nc6 39. Bxc6 bxc6 40. Rxc6 Rb7 41. Rc4 Rb5 42. f4 a5 43. bxa5 Rxa5 44. Rc3 Ra1 45. Kf3 Rf1+ 46. Ke4 Re1+ 47. Kd4 Rd1+ 48. Rd3 Ra1 49. Kc5 Ra5+ 50. Kc6 Kf8 51. Rd7 Ke8 52. Rd6 Ke7 53. Rd7+ Ke6 54. Rd6+ Ke7 55. Rd3 Ke6 56. Rd6+ 1/2-1/2

[Event "Olongapo City op"]
[Site "Olongapo City"]
[Date "2015.11.12"]
[Round "6"]
[White "Torre, Eugenio"]
[Black "Ranola, Yves"]
[Result "1-0"]
[WhiteElo "2468"]
[BlackElo "2373"]
[PlyCount "117"]
[EventDate "2015.11.09"]
[EventType "swiss"]
[EventRounds "10"]
[EventCountry "PHI"]
[SourceTitle "CBM 169 Extra"]
[Source "ChessBase"]
[SourceDate "2015.12.18"]
[SourceVersion "1"]
[SourceVersionDate "2015.12.18"]
[SourceQuality "1"]

1. d4 Nf6 2. Nf3 g6 3. Bg5 Bg7 4. c3 d5 5. e3 0-0 6. Nbd2 c5 7. Be2 Nc6 8. dxc5 a5 9. a4 e5 10. 0-0 h6 11. Bh4 Qe7 12. Nb3 Be6 13. Nfd2 g5 14. Bg3 Ne4 15. f3 Nxc5 16. Nxc5 Qxc5 17. Bf2 Rfd8 18. Qb1 Qe7 19. Bd3 e4 20. Be2 Bf5 21. fxe4 Bg6 22. Nb3 dxe4 23. Bg3 h5 24. h3 Ne5 25. Nd4 h4 26. Bh2 Nf3+ 27. Kh1 Nxh2 28. Kxh2 Qe5+ 29. Kh1 Qg3 30. Qe1 Qxe3 31. Nf5 Qc5 32. Bg4 Qe5 33. Qe3 Bf6 34. Rae1 Re8 35. Qb6 Bd8 36. Qd6 Bc7 37. Qxe5 Rxe5 38. Ne3 Rd8 39. Re2 Rd3 40. Bc8 Kg7 41. Bxb7 f5 42. Ba6 Rd8 43. b4 f4 44. Ng4 Re6 45. Bb7 e3 46. Rc1 Bd3 47. Ree1 Bc4 48. Nh2 Rb8 49. Bf3 axb4 50. cxb4 Rxb4 51. Be2 Rc6 52. Nf3 Rxa4 53. Nd4 Rc5 54. Ne6+ Bxe6 55. Rxc5 Bd8 56. Rd1 Be7 57. Rc7 Kf6 58. Kg1 Ra2 59. Kf1 1-0

[Event "Olongapo City op"]
[Site "Olongapo City"]
[Date "2015.11.09"]
[Round "1"]
[White "Ranola, Yves"]
[Black "Mozharov, Mikhail"]
[Result "0-1"]
[WhiteElo "2373"]
[BlackElo "2573"]
[PlyCount "54"]
[EventDate "2015.11.09"]
[EventType "swiss"]
[EventRounds "10"]
[EventCountry "PHI"]
[SourceTitle "CBM 169 Extra"]
[Source "ChessBase"]
[SourceDate "2015.12.18"]
[SourceVersion "1"]
[SourceVersionDate "2015.12.18"]
[SourceQuality "1"]

1. Nf3 c5 2. g3 Nc6 3. Bg2 g6 4. 0-0 Bg7 5. d3 e6 6. e4 Nge7 7. Nbd2 0-0 8. Re1 d6 9. h4 h6 10. a4 e5 11. c3 f5 12. b4 f4 13. Bb2 Bg4 14. Qb3+ Kh8 15. d4 fxg3 16. fxg3 exd4 17. cxd4 Nxd4 18. Nxd4 cxd4 19. b5 Rc8 20. Qd3 Qb6 21. a5 Qc5 22. Rac1 Qb4 23. Ba3 Qxa5 24. Bxd6 Rfe8 25. Nb3 Qa4 26. Rxc8 Nxc8 27. Ra1 Be2 0-1

[Event "Manila Campomanes Memorial op"]
[Site "Manila"]
[Date "2010.08.31"]
[Round "5"]
[White "Barbosa, Oliver"]
[Black "Ranola, Yves"]
[Result "1-0"]
[WhiteElo "2458"]
[BlackElo "2397"]
[PlyCount "95"]
[EventDate "2010.08.28"]
[EventType "swiss"]
[EventRounds "9"]
[EventCountry "PHI"]
[SourceTitle "CBM 138 Extra"]
[Source "ChessBase"]
[SourceDate "2010.10.29"]
[SourceVersion "1"]
[SourceVersionDate "2010.10.29"]
[SourceQuality "1"]

1. d4 Nf6 2. c4 Nc6 3. Nf3 e6 4. g3 Bb4+ 5. Bd2 Qe7 6. Nc3 a5 7. Bg2 d6 8. 0-0 0-0 9. d5 Nd8 10. Nd4 e5 11. Nc2 Bd7 12. Nxb4 axb4 13. Nb5 Bxb5 14. cxb5 Qd7 15. b6 c5 16. dxc6 Nxc6 17. Qb3 Ra6 18. Be3 d5 19. Bc5 Rfa8 20. Rfd1 Ra5 21. Rac1 Rxa2 22. Bxb4 Nd4 23. Rxd4 exd4 24. Ba3 R8xa3 25. bxa3 Rxe2 26. a4 Qe6 27. Bxd5 Re1+ 28. Kg2 Nxd5 29. Rxe1 Nf4+ 30. gxf4 Qxe1 31. Qd5 h5 32. Qxd4 Qa5 33. h3 g6 34. Kh2 h4 35. Kg2 Qa6 36. f5 gxf5 37. Kf3 Kh7 38. Qxh4+ Kg6 39. Qd4 Qf1 40. Qd6+ f6 41. a5 Qc4 42. Qg3+ Kh5 43. Qc7 Qe4+ 44. Kg3 Kg6 45. Kh2 Kh6 46. a6 Qf3 47. Qc1+ f4 48. Qb2 1-0

[Event "Manila Pichay Cup 6th"]
[Site "Manila"]
[Date "2010.08.23"]
[Round "4"]
[White "Ranola, Yves"]
[Black "Leysa, Ferdinand"]
[Result "1-0"]
[WhiteElo "2397"]
[BlackElo "1991"]
[PlyCount "65"]
[EventDate "2010.08.21"]
[EventType "swiss"]
[EventRounds "9"]
[EventCountry "PHI"]
[SourceTitle "CBM 138 Extra"]
[Source "ChessBase"]
[SourceDate "2010.10.29"]
[SourceVersion "1"]
[SourceVersionDate "2010.10.29"]
[SourceQuality "1"]

1. c4 Nf6 2. g3 g6 3. Bg2 Bg7 4. Nc3 d6 5. d3 0-0 6. Bg5 c5 7. Qd2 Re8 8. e4 Nc6 9. Nge2 Rb8 10. 0-0 a6 11. h3 b5 12. f4 Nd4 13. cxb5 Nxb5 14. f5 Bd7 15. g4 Qa5 16. Bh6 Bh8 17. Ng3 Nxc3 18. bxc3 Ba4 19. e5 dxe5 20. g5 Nd7 21. Qf2 Rf8 22. Bd5 Bg7 23. fxg6 hxg6 24. Bxf7+ Kh7 25. Ne4 Nf6 26. Bxg7 Kxg7 27. gxf6+ Kxf7 28. Qh4 Ke6 29. fxe7 Rxf1+ 30. Kxf1 Kd5 31. Qf6 Qc7 32. Qf7+ Kc6 33. e8Q+ 1-0

[Event "Singapore schev"]
[Site "Singapore"]
[Date "2010.02.12"]
[Round "1"]
[White "Chan, Yi Ren Daniel"]
[Black "Ranola, Yves"]
[Result "1-0"]
[WhiteElo "2349"]
[BlackElo "2399"]
[PlyCount "85"]
[EventDate "2010.02.12"]
[EventType "schev"]
[EventRounds "10"]
[EventCountry "SIN"]
[SourceTitle "CBM 135 Extra"]
[Source "ChessBase"]
[SourceDate "2010.05.04"]
[SourceVersion "1"]
[SourceVersionDate "2010.05.04"]
[SourceQuality "1"]

1. e4 Nf6 2. e5 Nd5 3. c4 Nb6 4. d4 d6 5. exd6 exd6 6. Nc3 Be7 7. Be3 0-0 8. Bd3 c5 9. Nge2 Nc6 10. a3 cxd4 11. Nxd4 Ne5 12. b3 d5 13. c5 Bg4 14. Be2 Bxe2 15. Ndxe2 Nbd7 16. b4 b6 17. cxb6 Nxb6 18. Bxb6 Qxb6 19. Nxd5 Qb7 20. 0-0 Rfd8 21. Nec3 Rac8 22. Re1 Bf6 23. Qb3 Nd3 24. Nxf6+ gxf6 25. Re3 Qc6 26. Ne2 Ne5 27. h3 Qc2 28. Rg3+ Kf8 29. Qe3 Rd1+ 30. Rxd1 Qxd1+ 31. Kh2 Rc2 32. Nc3 Qd6 33. Ne4 Qc6 34. Qh6+ Ke7 35. Re3 Qb6 36. Qh4 Rc4 37. Qg3 Kf8 38. Nxf6 Qxf6 39. Rxe5 Rf4 40. Rc5 a6 41. Rc8+ Ke7 42. Qe3+ Kd7 43. Qe8+ 1-0

[Event "Singapore schev"]
[Site "Singapore"]
[Date "2010.02.12"]
[Round "3"]
[White "Chua, Zheng Yuan Terry"]
[Black "Ranola, Yves"]
[Result "1-0"]
[WhiteElo "2247"]
[BlackElo "2399"]
[PlyCount "81"]
[EventDate "2010.02.12"]
[EventType "schev"]
[EventRounds "10"]
[EventCountry "SIN"]
[SourceTitle "CBM 135 Extra"]
[Source "ChessBase"]
[SourceDate "2010.05.04"]
[SourceVersion "1"]
[SourceVersionDate "2010.05.04"]
[SourceQuality "1"]

1. e4 Nf6 2. Nc3 d5 3. e5 Nfd7 4. e6 fxe6 5. d4 c5 6. Nf3 Nc6 7. Bb5 g6 8. dxc5 Bg7 9. Be3 0-0 10. 0-0 Nf6 11. Bxc6 bxc6 12. Bd4 Nh5 13. Re1 Qc7 14. Be5 Bxe5 15. Nxe5 Rb8 16. b3 Rb4 17. g3 Rf5 18. a3 Rb8 19. Qd4 Bd7 20. Ng4 Rf6 21. f4 Rbf8 22. Re2 Ng7 23. Rae1 Nf5 24. Nxf6+ exf6 25. Qd3 Re8 26. b4 h5 27. Nd1 e5 28. Ne3 Kg7 29. Nxf5+ Bxf5 30. Qd2 Bg4 31. Rf2 Qd8 32. fxe5 Rxe5 33. Rxe5 fxe5 34. Qe3 Qe7 35. c3 Bf5 36. h4 Qe6 37. Kh2 Qf6 38. Qg5 e4 39. Rxf5 Qxf5 40. Qxf5 gxf5 41. b5 1-0

[Event "Singapore Masters 3rd"]
[Site "Singapore"]
[Date "2006.12.30"]
[Round "9"]
[White "Ranola, Yves"]
[Black "Shen, Siyuan"]
[Result "0-1"]
[WhiteElo "2414"]
[BlackElo "2292"]
[PlyCount "92"]
[EventDate "2006.12.26"]
[EventType "swiss"]
[EventRounds "9"]
[EventCountry "SIN"]
[SourceTitle "CBM 116 Extra"]
[Source "ChessBase"]
[SourceDate "2007.03.07"]
[SourceVersion "1"]
[SourceVersionDate "2007.03.07"]
[SourceQuality "1"]

1. c4 c5 2. g3 g6 3. Bg2 Bg7 4. Nc3 Nc6 5. a3 d6 6. Rb1 Nf6 7. b4 0-0 8. Nf3 Rb8 9. 0-0 Bf5 10. d3 Qd7 11. bxc5 dxc5 12. Bf4 Rbc8 13. Re1 b6 14. Nd5 Bh3 15. Bh1 Rfe8 16. Qd2 e5 17. Nxf6+ Bxf6 18. Bg5 Bg7 19. Bh6 Nd4 20. Bxg7 Kxg7 21. Ng5 Bf5 22. Bd5 f6 23. Ne4 Be6 24. Nc3 Bxd5 25. Nxd5 h5 26. Qd1 Qf5 27. f3 Qd7 28. e3 Nc6 29. Rb2 Rcd8 30. Rf2 Ne7 31. e4 Nxd5 32. cxd5 h4 33. f4 hxg3 34. hxg3 exf4 35. Rxf4 Qh3 36. Qf3 Rxd5 37. Rxf6 Rh5 38. Kf2 Qd7 39. Rf1 Rxe4 40. Rxg6+ Kxg6 41. Qxe4+ Qf5+ 42. Ke3 Qxe4+ 43. dxe4 Re5 44. Rf8 Re7 45. Rc8 Kg5 46. Rg8+ Kf6 0-1

[Event "Kuala Lumpur op 3rd"]
[Site "Kuala Lumpur"]
[Date "2006.08.23"]
[Round "5"]
[White "Ranola, Yves"]
[Black "Hamid, Rani"]
[Result "1-0"]
[WhiteElo "2442"]
[BlackElo "2144"]
[PlyCount "109"]
[EventDate "2006.08.21"]
[EventType "swiss"]
[EventRounds "11"]
[EventCountry "MAS"]
[SourceTitle "CBM 114 Extra"]
[Source "ChessBase"]
[SourceDate "2006.11.03"]
[SourceVersion "1"]
[SourceVersionDate "2006.11.03"]
[SourceQuality "1"]

1. c4 c5 2. g3 Nc6 3. Bg2 e6 4. Nf3 Nf6 5. 0-0 Be7 6. d4 cxd4 7. Nxd4 0-0 8. Nc3 a6 9. Bf4 Qb6 10. Nxc6 dxc6 11. Na4 Qa5 12. c5 Rd8 13. Qc2 Nd7 14. Rfd1 e5 15. Be3 Nf8 16. Nb6 Rb8 17. Rdb1 Qb4 18. Be4 Be6 19. b3 f5 20. Bf3 e4 21. a3 Qb5 22. Bg2 Nd7 23. Na4 Bf6 24. Ra2 Ne5 25. Nb6 a5 26. a4 Qb4 27. h3 g5 28. Qc1 Nf7 29. Bd2 Rxd2 30. Rxd2 Be5 31. Rd1 h6 32. Qd2 Bc3 33. Qe3 Rd8 34. Rxd8+ Nxd8 35. Rd1 Nf7 36. g4 Qxb3 37. Rc1 Bb4 38. Qxb3 Bxb3 39. gxf5 e3 40. fxe3 Bd2 41. Rb1 Bxe3+ 42. Kf1 Bc2 43. Rb2 Bxf5 44. Nc4 Bxc5 45. Rxb7 Be6 46. Nxa5 Ne5 47. Nxc6 Nxc6 48. Bxc6 Bxh3+ 49. Bg2 Be6 50. a5 h5 51. a6 h4 52. a7 Bxa7 53. Rxa7 h3 54. Be4 g4 55. Kf2 1-0